Structures - Map Quiz - Statistics

General Stats
  • This quiz has been taken 19 times
  • The average score is 13 of 38
Answers on the Map
Answers color-coded by a green-red scale on the quiz's map according to % correct below.
 
Answer Stats
Answer % Correct
Afrikaans Language Monument
87%
CN Tower
87%
Christ the Redeemer
80%
Bridge of the Americas
67%
Santa Monica Pier
67%
Three Gorges Dam
67%
Atacama Large Millimeter Array
60%
Clifton Suspension Bridge
53%
Haʻamonga ʻa Maui
53%
Monument to the Equator
53%
Fushimi Inari-taisha
47%
Obelisk of Axum
47%
Treasury of Atreus
47%
Troll A platform
47%
General Rafael Urdaneta Bridge
40%
Great Pyramid of Cholula
40%
Millau Viaduct
40%
Temple of the Great Jaguar
40%
Bent Pyramid
33%
Itaipu Dam
27%
Minaret of Jam
27%
Newgrange
27%
Ostankino Tower
27%
José Martí Memorial
20%
Kariba Dam
20%
Les Eclaireurs Lighthouse
13%
Monumento de Santiago
13%
Statue of Unity
13%
Supertree Grove
13%
U Bein Bridge
13%
Gobarau Minaret
7%
Maqam Echahid
7%
Matadi Bridge
7%
Metropol Parasol
7%
National Carillon
7%
Olba Aqueduct
7%
Sky Tower
7%
Moray
0%
No matching quizzes found
Score Distribution
Percent of People with Each Score
Percentile by Number Answered
Your Score History
You have not taken this quiz